Прикладная теория пластичности: учебное пособие

Bibliographic Details
Other Authors: Иванов К. М. Константин Михайлович (редактор)
Summary:На современном уровне рассмотрены вопросы прикладной механики деформируемого твердого тела и теории обработки давлением. Излагаются основы классической механики деформируемого твердого тела и современных численных методов решения краевых задач. Особое внимание уделено вариационной постановке задач и методу конечных элементов применительно к обработке металлов давлением. Для студентов, обучающихся по машиностроительным специальностям, и аспирантов.
Language:Russian
Published: СПб., Политехника, 2009
Series:Учебное пособие для вузов
Subjects:
Format: Book
KOHA link:https://koha.lib.tpu.ru/cgi-bin/koha/opac-detail.pl?biblionumber=198478

MARC

LEADER 00000nam0a2200000 4500
001 198478
005 20231101224823.0
010 |a 9785732509274 
035 |a (RuTPU)RU\TPU\book\216470 
090 |a 198478 
100 |a 20110629d2009 m y0rusy50 ca 
101 0 |a rus 
102 |a RU 
105 |a a j 001zy 
200 1 |a Прикладная теория пластичности  |e учебное пособие  |f под ред. К. М. Иванова 
210 |a СПб.  |c Политехника  |d 2009 
215 |a 376 с.  |c ил. 
225 1 |a Учебное пособие для вузов 
320 |a Библиография в конце глав. 
330 |a На современном уровне рассмотрены вопросы прикладной механики деформируемого твердого тела и теории обработки давлением. Излагаются основы классической механики деформируемого твердого тела и современных численных методов решения краевых задач. Особое внимание уделено вариационной постановке задач и методу конечных элементов применительно к обработке металлов давлением. Для студентов, обучающихся по машиностроительным специальностям, и аспирантов. 
606 1 |a Пластичность, теория  |2 stltpush  |3 (RuTPU)RU\TPU\subj\49068  |9 67879 
610 1 |a механика сплошной среды 
610 1 |a деформация 
610 1 |a течение 
610 1 |a напряжения 
610 1 |a основные законы 
610 1 |a растяжение 
610 1 |a пластические среды 
610 1 |a ползучесть 
610 1 |a краевые задачи 
610 1 |a численные методы 
610 1 |a решение 
610 1 |a учебные пособия 
675 |a 539.5(075.8)  |v 3 
702 1 |a Иванов  |b К. М.  |g Константин Михайлович  |4 340 
801 1 |a RU  |b 63413507  |c 20110629 
801 2 |a RU  |b 63413507  |c 20131206  |g RCR 
900 |a Прикладная механика 
900 |a Обработка металлов давлением 
942 |c BK 
951 |b 151600